000 00543nam a2200229Ia 4500
003 OSt
005 20230307153848.0
008 210210b2007 xxu||||| |||| 00| 0 eng d
020 _a8121902983
040 _cAL
041 _aeng
082 _a338.954 DATI
100 _aDATT (Ruddar)
_974488
245 _aIndian economy.
250 _a55
260 _aNew Delhi
_bS. Chand & Co. Ltd.
_c2007
300 _axvi,997
690 _aIndian Economics
_974489
700 _aSUNDHARAM (K P M).
_974490
906 _a061801
942 _2ddc
_cBK
999 _c115838
_d115838